|
|
|
|
| LEADER |
00000nas a2200000 a 4500 |
| 001 |
ssj0000882 |
| 003 |
WaSeSS |
| 005 |
20200512172242.0 |
| 006 |
m d |
| 007 |
cr n |
| 008 |
990526d19992019ctuqr s 0 a0eng c |
| 010 |
|
|
|a sn 99008685
|
| 016 |
7 |
|
|a 100896516
|2 DNLM
|
| 016 |
7 |
|
|a AA11382469
|2 JP-ToKJK
|
| 016 |
|
|
|a (AMICUS)000021691517
|
| 022 |
|
|
|l 1525-2531
|y 1525-2531
|
| 030 |
|
|
|a ECONF4
|
| 032 |
|
|
|a 442250
|b USPS
|
| 035 |
|
|
|a (WaSeSS)ssj0000882
|
| 037 |
|
|
|b Online, Inc., 213 Danbury Rd., Wilton, CT 06897
|
| 040 |
|
|
|a NSD
|b eng
|c NSD
|d HVL
|d EYM
|d NYG
|d IUL
|d CAS
|d AGL
|d IUL
|d DLC
|d SYS
|d CDU
|d IUL
|d MUQ
|d ORU
|d NLM
|d OCLCQ
|d DLC
|d NLGGC
|d CDS
|d GUA
|d EEM
|d OCLCQ
|d OCLCF
|d OCLCO
|d EUW
|d OCLCO
|d OCLCQ
|d M6U
|d FC@
|d LIP
|d OCLCO
|d NLC
|d OCLCA
|d OCLCQ
|d WID
|d AU@
|d WAU
|d UMC
|d NMS
|d WaSeSS
|
| 042 |
|
|
|a pcc
|a nsdp
|
| 050 |
0 |
0 |
|a Z699.A1
|b D37
|
| 070 |
0 |
|
|a Z699.A1
|b D3
|
| 072 |
|
0 |
|a X200
|
| 082 |
1 |
0 |
|a 005
|2 13
|
| 210 |
0 |
|
|a EContent
|b (Wilton Conn.)
|
| 222 |
|
0 |
|a EContent
|b (Wilton, Conn.)
|
| 245 |
0 |
0 |
|a EContent
|h [electronic resource].
|
| 246 |
3 |
|
|a E content
|
| 260 |
|
|
|a Wilton, CT :
|b Online,
|c ©1999-[2019]
|
| 260 |
3 |
|
|3 -2019 :
|a Medford, NJ :
|b La Shawn Fugate
|
| 310 |
|
|
|a Quarterly,
|b -2019
|
| 321 |
|
|
|a Bimonthly,
|b 1999-Feb./Mar. 2001
|
| 321 |
|
|
|a Monthly,
|b Apr. 2001-2003
|
| 321 |
|
|
|a Ten times a year,
|b 2004-
|
| 362 |
0 |
|
|a Vol. 22, no. 4 (Aug./Sept. 1999)-
|
| 362 |
1 |
|
|a Ceased with volume 42, number 4 (autumn 2019).
|
| 500 |
|
|
|a "The magazine of electronic research & resources."
|
| 500 |
|
|
|a Title from cover.
|
| 506 |
|
|
|a License restrictions may limit access.
|
| 515 |
|
|
|a Some no. combined.
|
| 525 |
|
|
|a Has supplement: Leadership Series White Papers for Industry Decision-Makers.
|
| 580 |
|
|
|a Absorbed as a separate section of Information today in 2020.
|
| 588 |
|
|
|a Latest issue consulted: Volume 42, number 4 (autumn 2019).
|
| 650 |
|
0 |
|a Electronic information resources
|v Periodicals.
|
| 650 |
|
0 |
|a Electronic information resource searching
|v Periodicals.
|
| 650 |
|
0 |
|a Information storage and retrieval systems
|v Periodicals.
|
| 650 |
|
2 |
|a Information Systems.
|
| 650 |
|
2 |
|a Online Systems.
|
| 650 |
|
7 |
|a Electronic information resource searching.
|2 fast
|0 (OCoLC)fst00907293
|
| 650 |
|
7 |
|a Electronic information resources.
|2 fast
|0 (OCoLC)fst00907295
|
| 650 |
|
7 |
|a Information storage and retrieval systems.
|2 fast
|0 (OCoLC)fst00972781
|
| 650 |
1 |
7 |
|a Digitale bibliotheken.
|2 gtt
|
| 650 |
1 |
7 |
|a Elektronische informatie.
|2 gtt
|
| 650 |
1 |
7 |
|a Informatievoorziening.
|2 gtt
|
| 650 |
1 |
7 |
|a Online-systemen.
|2 gtt
|
| 650 |
1 |
7 |
|a Information storage and retrieval.
|2 gtt
|
| 650 |
|
6 |
|a Systèmes d'information
|v Périodiques.
|
| 650 |
|
6 |
|a Données bibliographiques lisibles par machine
|v Périodiques.
|
| 650 |
|
6 |
|a Documentation, Services de
|v Périodiques.
|
| 653 |
|
|
|a Titles of journals
|
| 653 |
|
|
|a Titles of electronic journals.
|
| 655 |
|
0 |
|a Electronic journals.
|
| 740 |
0 |
2 |
|a Leadership Series White Papers for Industry Decision-Makers.
|
| 780 |
0 |
0 |
|t Database
|x 0162-4105
|w (DLC) 78646610
|w (OCoLC)4172284
|
| 785 |
0 |
4 |
|t Information today
|g Vol. 37, issue 1 (January/February 2020)
|x 8755-6286
|w (DLC)sn 84011116
|w (OCoLC)10142299
|
| 850 |
|
|
|a DLC
|a DNAL
|a InU
|a MH-L
|a MiU
|a N
|
| 853 |
2 |
0 |
|8 1
|a v.
|b no.
|u 6
|v r
|i (year)
|j (month/month)
|w b
|
| 853 |
2 |
0 |
|8 2
|a v.
|b no.
|u 12
|v r
|i (year)
|j (month)
|w m
|
| 853 |
2 |
0 |
|8 3
|a v.
|b no.
|u 12
|v r
|i (year)
|j (month)
|w 10
|x 01/02
|y cm01/02,07/08
|
| 853 |
2 |
0 |
|8 4
|a v.
|b no.
|u 10
|v r
|i (year)
|j (month)
|w 10
|x 01/02
|y cm01/02,07/08
|
| 856 |
4 |
0 |
|z Full text available from Research Library: 08/01/1999 to present
|u https://search.proquest.com/publication/17460
|
| 863 |
4 |
1 |
|8 1.1
|a 22
|b 4
|i 1999
|j 08/09
|
| 863 |
4 |
1 |
|8 2.1
|a 24
|b 2
|i 2001
|j 04
|
| 863 |
4 |
1 |
|8 3.1
|a 27
|b 1/2
|i 2004
|j 01/02
|
| 863 |
4 |
1 |
|8 4.1
|a 29
|b 1
|i 2006
|j 01/02
|